| 000 | 00394nam a2200157Ia 4500 | ||
|---|---|---|---|
| 008 | 230524s9999 xx 000 0 und d | ||
| 082 |
_a5 _bPAT |
||
| 100 | _aR.B.Patel | ||
| 245 | 0 | _aArt & Craft of C (The Complete Guide to C Programming) | |
| 250 | _a1st | ||
| 260 |
_aNEW DELHI _bKhanna _c2002 |
||
| 300 | _aXVIII;1069 | ||
| 500 | _aQuantity Number: 2 | ||
| 650 | _aComp-Sc | ||
| 942 | _cBK | ||
| 999 |
_c36596 _d36596 |
||